MUR SATYA ANNESHANAR KAHINI (Record no. 2066)
[ view plain ]
| 000 -LEADER | |
|---|---|
| fixed length control field | 00342cam a2200157ua 4500 |
| 008 - FIXED-LENGTH DATA ELEMENTS--GENERAL INFORMATION | |
| fixed length control field | 131125n II |||gr||||Z||||||asm |
| 040 ## - CATALOGING SOURCE | |
| Original cataloging agency | MAIN |
| 041 ## - LANGUAGE CODE | |
| -- | English |
| 082 ## - DEWEY DECIMAL CLASSIFICATION NUMBER | |
| Classification number | 028.7 DAS |
| 100 ## - MAIN ENTRY--PERSONAL NAME | |
| Personal name | DAS , AMIYA KR. |
| 245 ## - TITLE STATEMENT | |
| Title | MUR SATYA ANNESHANAR KAHINI |
| 300 ## - PHYSICAL DESCRIPTION | |
| Dimensions | 20CM. |
| 942 ## - ADDED ENTRY ELEMENTS (KOHA) | |
| Koha item type | Books |
| 653 ## - INDEX TERM--UNCONTROLLED | |
| Uncontrolled term | Reference Books |
| Withdrawn status | Lost status | Damaged status | Not for loan | Collection code | Home library | Current library | Shelving location | Date acquired | Full call number | Barcode | Date last seen | Copy number | Price effective from | Koha item type |
|---|---|---|---|---|---|---|---|---|---|---|---|---|---|---|
| TBSOC | Central Library and Information Centre Sibsagar Girls College | Central Library and Information Centre Sibsagar Girls College | Location Not Found | 20.06.1970 | 028.7 DAS | 02344 | 27.02.2020 | 1 | 27.02.2020 | Books |